00441nam a2200169Ia 4500003000900000008004100009040001600050080001700066100001500083245004200098250001200140260003000152300001500182650001600197650001500213650004300228IN-BaIIA211028s9999 xx 000 0 eng d cIIA Library a512.643bHON aHohn, F. E 0aElementary matrix algebracF. E. Hohn a3rd ed. aNew YorkbMacmillanc1973 axvi, 522p. a Algebra  a Matrices aAstronomy and astrophysics thesaurus